000 00529nam a2200157 a 4500
001 000023740
005 20200930022430.0
008 110112s1968 mx r 000 0 spa d
040 _aDO-SdBNP
_bspa
_cBNPHU
082 _axxxxx
_bT183h
100 1 _aTardiff, Guillermo
_948884
245 1 0 _aHistoria general del comercio exterior mexicano :
_bantecedentes, documentos, glosas y comentarios 1503-1847 /
_cGuillermo Tardiff.
260 _aMéxico, D. F. :
_eGráfica Panamericana,
_c1968.
300 _at. 1 ;
_c27 cm.
049 _aBNGR
999 _c23236
_d23236